000 00381 a2200169 4500
001 72923
020 _a8526255886
040 _cAnchieta - Colégio São Paulo
100 _aCabrini, Conceição
240 1 0 _aHistória temática
_lpor
245 1 0 _aHistória temática
300 _a200
362 0 _a2006
440 1 _aScipione
650 4 _aHistória do mundo
942 _cBK
999 _c72923
_d72923